Le Kalevala (Record no. 86130)

MARC details
000 -LEADER
campo de control de longitud fija 00544nam a2200169 i 4500
001 - NÚMERO DE CONTROL
campo de control 86130
003 - IDENTIFICADOR DE NÚMERO DE CONTROL
campo de control ES-MaACL
007 - CAMPO FIJO DE DESCRIPCIÓN FÍSICA--INFORMACIÓN GENERAL
campo de control de longitud fija t|
008 - DATOS DE LONGITUD FIJA--INFORMACIÓN GENERAL
campo de control de longitud fija 041207s1978 fr ||||1| fre d
020 ## - NÚMERO INTERNACIONAL ESTÁNDAR DEL LIBRO
Número Internacional Estándar del Libro 2-234-00963-4
245 03 - MENCIÓN DEL TÍTULO
Título Le Kalevala
Resto del título : épopée populaire finlandaise /
Mención de responsabilidad, etc. Elias Lönnrot ; traduction métrique et préface par Jean-Louis Perret.
260 ## - PUBLICACIÓN, DISTRIBUCIÓN, ETC.
Lugar de publicación, distribución, etc. [Paris] :
Nombre del editor, distribuidor, etc. Stock + Plus,
Fecha de publicación, distribución, etc. [1978]
300 ## - DESCRIPCIÓN FÍSICA
Extensión 686 p. ;
Dimensiones 18 cm.
700 1# - ENTRADA AGREGADA--NOMBRE PERSONAL
Nombre de persona Perret, Jean-Louis.
9 (RLIN) 91342
700 1# - ENTRADA AGREGADA--NOMBRE PERSONAL
Nombre de persona Lönnrot, Elias.
9 (RLIN) 73262
852 ## - LOCALIZACIÓN
Ubicación ES-MaACL
Número de control de estantería L-8200
Sublocalización o colección R.108659
Holdings
Estatus retirado Estado de pérdida Estado de daño No para préstamo Biblioteca de origen Biblioteca actual Ubicación en estantería Fecha de adquisición Fuente de adquisición Total de préstamos Signatura topográfica completa Código de barras Visto por última vez Precio de reemplazo Tipo de ítem Koha
        Biblioteca del Ateneo de Madrid Biblioteca del Ateneo de Madrid Depósito 2 17/01/2008     L-8200 1089997 23/02/2023 23/02/2023 Libro impreso